000 00615nam a22001937a 4500
005 20251108173326.0
008 250721s2000 xx 000 0 ara d
082 1 4 _aط / 219.3/صال
100 1 _aصالح، محمد عبد الله
245 1 0 _aأم سلمة : بنت زاد الركب ... /
264 1 _aالقاهرة :
_bشركة الفرسان،
_c[ 2000 ].
300 _a16 ص .
490 0 _aأمهات المؤمنين
_v6
650 1 7 _aالسيرة النبوية
650 1 7 _aزوجات النبي
653 _aناشئون صغار ( 10-14 سنة )
942 _2ddc
_cBK
999 _c101289
_d101289